Modificación química de copolímeros estirenobutadieno /
Guardado en:
| Otros Autores: | |
|---|---|
| Formato: | Manuscrito |
| Idioma: | Spanish |
| Publicado: |
2006.
|
| Materias: | |
| Etiquetas: |
Agregar Etiqueta
Sin Etiquetas, Sea el primero en etiquetar este registro!
|
| LEADER | 01095ntm a22002775a 4500 | ||
|---|---|---|---|
| 001 | EIQ.libpla000765 | ||
| 008 | 060519s2006####ag#a#####bm###000#0#spa#d | ||
| 005 | 20080904155922.0 | ||
| 245 | 1 | 0 | |a Modificación química de copolímeros estirenobutadieno / |c Verónica L. Lassalle. |
| 260 | |c 2006. | ||
| 300 | |a xxvii, 209 p. : |b il., tablas ; |c 21 cm. | ||
| 502 | |a Tesis (doctorado)--Universidad Nacional del Sur. Departamento de Ingeniería Química, 2005. | ||
| 500 | |a Director de tesis: Dr. Enrique Vallés, director adjunto Marcelo Failla. | ||
| 504 | |a Incluye referencias bibliográficas. | ||
| 100 | 1 | |a Lasalle, Verónica L. |4 dis | |
| 710 | 2 | |a Universidad Nacional del Sur. |b Dto. de Ingeniería Química |4 dgg. | |
| 650 | 4 | |a Polímeros |x Copolímeros. | |
| 650 | 4 | |a Copolímeros |x Estireno. | |
| 650 | 4 | |a Copolímeros |x Butadieno. | |
| 650 | 4 | |a Polímeros |x Tesis. | |
| 650 | 4 | |a Polymers |x Theses. | |
| 650 | 4 | |a Polymers |x Copolymers. | |
| 650 | 4 | |a Copolymers |x Styrene. | |
| 650 | 4 | |a Copolymers |x Butadiene. | |
| 040 | |a AR-BbSID |b spa |c AR-BbSID | ||
| 859 | |a AR-BbSID |b BIB. PLAPIQUI |h 547.84 |i L 33 |p 5845 | ||
